| 000 | 01608nam2a2200289 4500 | ||
|---|---|---|---|
| 001 | RU\NLR\BIBL_A\011469483 | ||
| 005 | 20250626072918.0 | ||
| 010 | _a978-5-9227-0661-2 | ||
| 010 |
_a978-5-9227-0670-4 _9100 |
||
| 021 |
_aRU _b2017-60825 _94308 |
||
| 035 | _a(RuMoRGB)008997576 | ||
| 035 | _a(NLR Aleph) 011469483 | ||
| 090 |
_a11847101 _c11847101 |
||
| 100 | _a20170911d2017 |||y0rusy50 ca | ||
| 101 | 0 |
_arus _aeng |
|
| 102 | _aRU | ||
| 105 | _aa|||j|||000zy | ||
| 200 | 0 | _aЧ. 2 | |
| 210 |
_d2017 _aБ. м. |
||
| 215 |
_a79, [4] с. _cил. |
||
| 300 | _aЧасть текста на англ. яз. | ||
| 320 | _aБиблиогр. в конце кн. (14 назв.) | ||
| 461 | 0 |
_1001RU\NLR\BIBL_A\011470413 _12001#$aMastering English$eучебное пособие$e[в 2 ч.]$fМ.В. Процуто, Л.П. Маркушевская, Н.Г. Дворина [и др.$gпод ред. М.В. Процуто]$gМинистерство образования и науки Российской Федерации, Санкт-Петербургский государственный архитектурно-строительный университет$vЧ. 2 _911851885 _cСанкт-Петербург _d2017 _fМ.В. Процуто, Л.П. Маркушевская, Н.Г. Дворина [и др. _nСанкт-Петербургский государственный архитектурно-строительный университет _oучебное пособие : [в 2 ч.] _tMastering English _vЧ. 2 |
|
| 942 | _cBOOK | ||
| 980 | _aNB | ||